عرض عادي
عرض مارك
- ربيع، محمد،
دخول Personal Name
001 - CONTROL NUMBER
- control field: 26713
003 - CONTROL NUMBER IDENTIFIER
- control field: AE-AdECS
005 - DATE AND TIME OF LATEST TRANSACTION
- control field: 20260217122327.0
008 - FIXED-LENGTH DATA ELEMENTS
- fixed length control field: 260217|| aca||aabn | a|a d
040 ## - CATALOGING SOURCE
- Original cataloging agency: AE-AdECS
- Transcribing agency: AE-AdECS
100 ## - HEADING--PERSONAL NAME
- Personal name: ربيع، محمد،
670 ## - SOURCE DATA FOUND
- Source citation: Work cat.: (AE-AdECS)294220: بيريرا، فريدريكا، مؤلف. 26708, صحة الأطفال و خطر تغير المناخ /
